Statistics for U.S. States with no Black Bears

Click here to take the quiz!

General Stats

  • This quiz has been taken 50 times
  • The average score is 6 of 8

Answer Stats

State% Correct
Kansas
85%
Indiana
82%
Iowa
82%
Nebraska
82%
Delaware
79%
Illinois
79%
North Dakota
73%
South Dakota
73%

Score Distribution

Percentile by Number Answered

Percent of People with Each Score

Your Score History

You have not taken this quiz